"Maria hat geholfen" Zeugen alltäglicher Notlagen: gemalte Votivbilder /

Elmentve itt :
Bibliográfiai részletek
Szerző: Barna Gábor
Dokumentumtípus: Könyv része
Megjelent: 2014
Sorozat:A vallási kultúrakutatás könyvei
Saints, feasts, pilgrimages, confraternities = Heilige, Feste, Wallfahrten, Bruderschaften: selected papers = ausgewählte Schriften
Kulcsszavak:Szentek tisztelete, Mária-kultusz
Tárgyszavak:
Online Access:http://acta.bibl.u-szeged.hu/67293
LEADER 01047naa a2200241 i 4500
001 acta67293
005 20211124142351.0
008 200528s2014 hu o 0|| ger d
020 |a 978-963-306-327-9 
022 |a 2064-4825 
040 |a SZTE Egyetemi Kiadványok Repozitórium  |b hun 
041 |a ger 
100 1 |a Barna Gábor 
245 1 0 |a "Maria hat geholfen"   |h [elektronikus dokumentum] :  |b Zeugen alltäglicher Notlagen: gemalte Votivbilder /  |c  Barna Gábor 
260 |c 2014 
300 |a 302-332 
490 0 |a A vallási kultúrakutatás könyvei 
490 0 |a Saints, feasts, pilgrimages, confraternities = Heilige, Feste, Wallfahrten, Bruderschaften: selected papers = ausgewählte Schriften 
650 4 |a Bölcsészettudományok 
650 4 |a Filozófia, etika és vallástudományok 
650 4 |a Művészetek (művészetek, művészettörténet, előadóművészetek, zene) 
695 |a Szentek tisztelete, Mária-kultusz 
856 4 0 |u http://acta.bibl.u-szeged.hu/67293/1/vallasi_kulturakutatas_konyvei_015_302-332.pdf  |z Dokumentum-elérés